000 00425nab a2200145Ia 4500
003 ES-SlBCS
005 20210601130449.0
008 140529s1962 xxu||||| |||| 00| 0 fre d
041 _afre
100 1 _aForest, Aimé
_956942
245 0 0 _aPascal et Heidegger
_c Aimé Forest
600 1 _aPascal, Blaise-Heidegger
_9173305
773 0 _tGiornali di Metafisica
_gvol. 17, nº. 6, 1962, págs. 590-610
_w0017-0372
942 _cAR
999 _c547119
_d547119